[Event "URS-sf Ukraine-ch"]
[Site "Kherson"]
[Date "1989.??.??"]
[Round "?"]
[White "Savchenko, Stanislav"]
[Black "Moroz, Alexander"]
[Result "1-0"]
[WhiteElo "2395"]
[BlackElo "2380"]
[Annotator "Ftacnik,L"]
[PlyCount "75"]
[EventDate "1989.11.??"]
[EventType "tourn"]
[EventRounds "15"]
[EventCountry "URS"]
[EventCategory "7"]
[SourceTitle "CBM 016"]
[Source "ChessBase"]
[SourceDate "1990.06.01"]
[SourceVersion "1"]
[SourceVersionDate "1990.06.01"]
[SourceQuality "1"]

1. d4 d5 2. c4 c6 3. Nf3 Nf6 4. Nc3 e6 5. Bg5 dxc4 6. e4 b5 7. e5 h6 8. Bh4 g5
9. exf6 gxh4 10. Ne5 Qxf6 11. a4 Bb4 12. Be2 c5 13. O-O cxd4 $6 (13... Bxc3 14.
bxc3 Bb7 15. Qb1 b4 16. Nxc4 Qf4 17. dxc5 Rg8 18. f3 h3 19. Rf2 $16 {Pein,
M-Iclicki/Bruxelles II/1987/}) (13... Nd7 $5) 14. Qxd4 Nd7 15. Qe4 Bxc3 {N} (
15... Rb8 $2 16. Nxd7 Bxd7 17. Nd5 {1-0/Novikov,I-Feher,G/Budapest Perenyi-B/89
}) (15... Qxe5 16. Qxa8 Bd6 17. f4 Qe3+ 18. Kh1 $16 {Novikov}) 16. Nxd7 Bxd7
17. Qxa8+ Ke7 18. Qb7 Bxb2 19. Rad1 Rd8 20. axb5 Bd4 (20... c3 21. b6 $1 c2 22.
bxa7 cxd1=Q 23. Rxd1 Bd4 24. Qb4+ $18) 21. Bxc4 Rc8 22. Be2 e5 (22... Rc2 $2
23. Qe4 $18) 23. Bg4 Qd6 24. Bxd7 Qxd7 25. Qe4 Rg8 26. Qxh4+ f6 27. Rc1 Rg4 28.
Qh3 Qf5 29. Rc7+ Kd6 30. Rc6+ Ke7 31. Kh1 Qf4 32. Qa3+ Kf7 33. Qb3+ Kg6 34. f3
Rg5 35. Qg8+ Kh5 36. Qf7+ Rg6 37. g4+ Kg5 38. h4+ {Ftacnik} 1-0

[Event "Hoogovens"]
[Site "Wijk aan Zee"]
[Date "1992.01.??"]
[Round "11"]
[White "Nikolic, Predrag"]
[Black "Brenninkmeijer, Joris"]
[Result "1-0"]
[WhiteElo "2635"]
[BlackElo "2500"]
[Annotator "Ftacnik,L"]
[PlyCount "69"]
[EventDate "1992.01.??"]
[EventType "tourn"]
[EventRounds "13"]
[EventCountry "NED"]
[EventCategory "14"]
[SourceTitle "CBM 028"]
[Source "ChessBase"]
[SourceDate "1992.06.01"]
[SourceVersion "1"]
[SourceVersionDate "1992.06.01"]
[SourceQuality "1"]

1. d4 {Ernst} d5 2. c4 c6 3. Nf3 Nf6 4. Nc3 e6 5. Bg5 dxc4 6. e4 b5 7. e5 h6 8.
Bh4 g5 9. Nxg5 hxg5 10. Bxg5 Nbd7 11. exf6 Bb7 12. g3 Qb6 13. Bg2 O-O-O 14. O-O
c5 15. d5 b4 16. Na4 Qb5 17. dxe6 Bxg2 18. Kxg2 Ne5 (18... Qc6+ 19. f3 Qxe6 20.
Qc2 Ne5 21. Rae1 Rd3 22. h4 Bd6 23. b3 Qd5 24. bxc4 Nxc4 25. Rd1 Ne5 26. Rxd3
Qxd3 27. Qxd3 Nxd3 28. Rd1 c4 29. Nb2 Nxb2 30. Rxd6 $16 {Nikolic,Pr-Tal,M/
Niksic/1983/}) 19. Qe2 (19. Qc2 {Petran,Pa-Horvath/Siofok/1990/} Rxh2+ 20. Kxh2
Nf3+ 21. Kh3 Nxg5+ 22. Kg2 Qc6+ 23. f3 Qxe6 24. g4 Rd3 $40 (24... Rd3 {Ernst}
25. Rad1 Qd5 26. Rxd3 cxd3 27. Qd2 Bd6 28. Qe3 Ne6 29. b3 Kc7 $10 {Schmidt -
Cichocki, Polen 1990.})) 19... Qc6+ 20. f3 Qxe6 21. h4 Qd5 (21... Nd3 $5) 22.
a3 Nd3 (22... Bh6 23. Qe3 $1 Bxg5 24. Qxg5 Qd2+ 25. Rf2 Qxg5 26. hxg5 Nd3 27.
Rc2 Rde8 28. axb4 Ne1+ 29. Rxe1 Rxe1 30. f4 $16) 23. Qe3 $1 {N} (23. axb4 cxb4
24. Qe3 Qd4 $13 {Jasnikowski-Cichocki/POL-ch/1989/} (24... Qd4 {Ernst} 25. Qxd4
Rxd4 $44 {Jasnikowski - Cichocki, Polen 1989.})) 23... Bd6 $2 (23... Qd4 24.
Qxd4 cxd4 25. axb4 Bxb4 26. Rfd1 Rhe8 27. Kf1 $14) 24. axb4 Rhe8 25. Nc3 $1
Rxe3 26. Nxd5 Re2+ 27. Kh3 Nf2+ (27... cxb4 28. Rxa7 Rxb2 29. Ne7+ Kb8 30. Nc6+
Kc8 31. Nxd8) 28. Rxf2 Rxf2 29. Rxa7 Kb8 (29... Rxf3 30. Ne7+ Kb8 31. Nc6+ Kc8
32. bxc5 $1 Rxg3+ 33. Kh2 $18 (33. Kh2 {Ernst} Rxg5+ 34. cxd6 $18)) 30. Rxf7
Rxf3 31. Bf4 Bxf4 32. Nxf4 cxb4 33. Re7 c3 34. bxc3 Rxc3 (34... bxc3 35. f7 c2
36. Re8 c1=Q 37. Rxd8+ Kc7 38. f8=Q $18) 35. f7 {Ftacnik,L} 1-0

[Event "Novgorod"]
[Site "Novgorod"]
[Date "1994.??.??"]
[Round "5"]
[White "Ivanchuk, Vassily"]
[Black "Shirov, Alexei"]
[Result "1-0"]
[WhiteElo "2695"]
[BlackElo "2740"]
[Annotator "Ftacnik,L"]
[PlyCount "93"]
[EventDate "1994.08.??"]
[EventType "tourn"]
[EventRounds "10"]
[EventCountry "RUS"]
[EventCategory "19"]
[SourceTitle "CBM 043"]
[Source "ChessBase"]
[SourceDate "1994.12.01"]
[SourceVersion "1"]
[SourceVersionDate "1994.12.01"]
[SourceQuality "1"]

1. d4 {Glatman} d5 2. c4 c6 3. Nc3 Nf6 4. Nf3 e6 5. Bg5 dxc4 6. e4 b5 7. e5 h6
8. Bh4 g5 9. Nxg5 hxg5 10. Bxg5 Nbd7 11. exf6 Bb7 12. g3 c5 13. d5 Qb6 14. Bg2
O-O-O 15. O-O b4 16. Na4 Qa6 (16... Qd6 17. dxe6 Qxe6 18. Re1 Qf5 19. Bxb7+
Kxb7 20. Bf4 Qxf6 21. Re8 Bg7 22. Rxh8 Bxh8 23. Qd5+ Qc6 24. Nxc5+ $16 {
Agzamov,G-Timoshchenko,G/USSR/1982/1-0 (44)}) 17. a3 Bxd5 $5 (17... exd5 18.
axb4 Qe6 19. Nc3 cxb4 20. Bxd5 Bxd5 21. Qxd5 Qxd5 22. Nxd5 Ne5 23. Ne7+ Kb7 24.
Ra5 $16 {Baturinski,V-Kuuskmaa,E/ corr/ 1970/ 1-0/ 33}) (17... b3 18. Nc3 Nb6
19. Qg4 Nxd5 20. Nxd5 Bxd5 21. Bxd5 Rxd5 22. Rad1 Rd3 23. Qe4 Kd7 24. Rd2 $16 {
Razuvaev,Y-Vaiser,A/USSR/1981/1-0 (41)}) 18. Bxd5 (18. axb4 {Glatman} Bxg2 19.
Kxg2 Qc6+ 20. f3 cxb4 $13) 18... Ne5 (18... exd5 {Glatman} 19. axb4 $16) 19.
Qe2 $1 (19. Nxc5 Bxc5 20. axb4 Bxf2+ 21. Rxf2 Rxd5 $13) (19. Bxe6+ $2 {Glatman}
Qxe6 20. Qe2 Rd3 21. Be3 Qh3 22. f3 Rxe3 $19) 19... Rxd5 20. axb4 cxb4 (20...
Qc6 21. Nc3 cxb4 22. Nxd5 Qxd5) (20... Qb7 {Glatman} 21. Nc3 $16) 21. Nc3 Qc6 (
21... Ra5 22. Rxa5 Qxa5 23. Ne4 $36) 22. Nxd5 Qxd5 23. f3 $8 (23. Rfd1 $2 Nf3+
24. Kf1 Nxh2+ 25. Kg1 Nf3+ $19) (23. f4 $2 {Glatman} Bc5+ $19) 23... Bc5+ (
23... Nxf3+ $2 24. Qxf3 Qxg5 25. Qa8+ $18) 24. Kg2 (24. Be3 {!+/- Glatman} Nd3
25. Bxc5 Qxc5+ 26. Kg2 Qd4 $132) 24... Nd3 (24... Ng4 25. h4 Qxg5 $5 26. fxg4 (
26. hxg5 $4 Rh2#) 26... Qd5+ 27. Kh3 $16) 25. h4 (25. Be3 $2 {Glatman} Qe5)
25... Kb7 $6 (25... Bd4 26. Rfb1 (26. Rad1 $6 Nxb2 $1) 26... Kb7 $13) 26. Ra5
$1 (26. Rfd1 {Glatman} Rd8 27. b3 c3 (27... cxb3 28. Rd2 b2 29. Rad1 Qa2 $13)
28. h5 Qxb3 (28... Qxg5 29. Rxd3 Rxd3 30. Qxd3 $16) 29. Rxd3 Rxd3 30. Qxd3 Qb2+
31. Kh3 Qxa1 $13) 26... Qd4 27. b3 $1 Bb6 (27... cxb3 28. Rd1 (28. Rxc5 $142 $1
{Glatman} Nxc5 29. Rd1 Qc3 30. Qb5+ Ka8 31. Rc1 Qb2+ 32. Kh3 Nb7 33. Rc7 Rb8
34. Bf4 Qxf6 35. Qxb7+ $1 Rxb7 36. Rc8+ $18) 28... Bb6 (28... Rd8 29. Rxd3 (29.
Rxc5 Qxc5 30. Rxd3 Rxd3 31. Qxd3 b2 $13) 29... Qxd3 30. Qxd3 Rxd3 31. Rxc5 Kb6
32. Rc1 $18 (32. Rc1 a5 33. h5 a4 34. h6 a3 35. h7 Rd8 36. Be3+ Kb5 $13)) 29.
Rxd3 Qg1+ 30. Kh3 Bxa5 31. Qe4+ Ka6 32. Qc4+ Kb7 33. Rd7+ $18) 28. Ra2 c3 (
28... cxb3 29. Rd2 Rd8 30. Rb1 (30. Rfd1 b2 31. Rxd3 (31. Rxb2 $2 Qxb2 32. Qxb2
Nxb2 33. Rxd8 Bxd8 34. h5 Nc4 35. h6 Ne5 36. h7 Ng6 $19) (31. Qf1 $2 Qc4 32.
Rxd3 Rxd3 33. Rxd3 Qc2+ 34. Rd2 b1=Q 35. Rxc2 Qxc2+ $17) 31... Qxd3 32. Rxd3
b1=Q 33. Qe4+ (33. Rxd8 Bxd8 34. Qb5+ Bb6 35. Qd7+ Ka6 36. Qxf7 Qc2+ 37. Kh3
Qf5+ 38. Kg2 Qc2+ $10) 33... Rd5 $8 34. Rxd5 Qxe4 35. fxe4 exd5 36. e5 b3 {
Glatman} 37. Bc1 Bd4 38. e6 fxe6 39. f7 Bg7 40. h5 Kc6 41. h6 b2 (41... Bxh6
42. Bxh6 b2 43. f8=Q $18) 42. hxg7 bxc1=Q 43. g8=Q $18) (30. h5 $5 b2 31. h6
Qd5 32. h7 Qxg5 33. Rxd3 $16) 30... Qd5 31. Rbd1 (31. Qd1 b2 32. Rbxb2 Nxb2 33.
Rxd5 Nxd1 34. Rxd8 Bxd8 35. h5 b3) 31... b2 32. Rxb2 Nf4+ 33. Bxf4 Qxd1 34.
Qxd1 Rxd1 35. Rxb4 $16) 29. Rd1 Rd8 30. h5 $1 a5 (30... Qe5 31. Qxe5 Nxe5 32.
Rxd8 Bxd8 33. h6 $18) (30... Nf4+ {Glatman} 31. Bxf4 Qxd1 32. Qxd1 Rxd1 33. h6
a5 34. g4) 31. g4 (31. h6 Nf4+ 32. Bxf4 Qxd1 33. Qxd1 Rxd1 34. g4) 31... Nf4+
32. Bxf4 Qxd1 (32... Qxf4 33. Rxd8 Bxd8 34. Qb5+ (34. Qe4+ $6 Qxe4 35. fxe4
Bxf6 36. Rf2 (36. h6 Kb6 37. Rf2 Bd4 38. Rxf7 c2 39. Rf1 a4 $1) 36... Bg5 37.
Rxf7+ Kc6 $36) 34... Kc8 35. Qe8 Qc7 36. Rc2 $16) 33. Qxd1 Rxd1 34. h6 Ka6 $2 (
34... e5 $1 35. h7 Rd8 36. Bxe5 Rh8 $15 {Shirov}) 35. g5 Rd8 (35... Kb5 $5 {
Glatman} 36. h7 Rd8 37. Bd6 (37. g6 fxg6 38. Bh6 Rh8 $13) 37... Bc5 38. Rxa5+ (
38. Bxc5 Kxc5 39. Rxa5+ Kd4 $132) (38. Bc7 Rh8 39. Rxa5+ Kc6 $13) 38... Kxa5
39. Bc7+ Ka6 40. Bxd8 c2 41. h8=Q c1=Q $10) 36. Kf1 $1 Bd4 (36... Rc8 37. h7
Rh8 38. g6 fxg6 39. f7 Bc5 40. Rh2 Bf8 (40... Kb5 41. Be5 c2 42. Rxc2 Rxh7 43.
Rxc5+ $1 $18) 41. Ke1 Bg7 42. Bd6 Kb5 43. f8=Q Bxf8 44. Bxf8 Rxf8 45. h8=Q $18)
37. Ke2 (37. Rxa5+ $2 {Glatman} Kxa5 38. Bc7+ Bb6 39. Bxd8 c2 $19) 37... e5 (
37... Kb5 $2 38. Rxa5+ $1 Kxa5 39. Bc7+ Kb5 40. Bxd8 c2 41. Kd2 Be3+ 42. Kxc2
Bxg5 43. h7 $18) (37... Rc8 $142 {Glatman} 38. Kd3 Be5 39. Bc1 Kb5 $16) 38. Be3
Kb5 39. h7 Rh8 (39... Bxe3 40. Kxe3 Rh8 41. g6 fxg6 42. f7 Kc6 43. Rg2 Kd5 (
43... Kd7 {Glatman} 44. Rxg6 Ke7 45. Rg8 $18) 44. Rxg6 $18) 40. Bxd4 exd4 41.
g6 $1 fxg6 42. f7 Kc6 (42... a4 43. Rxa4 Rc8 44. Kd3 c2 45. Ra1 $18) (42...
Rxh7 {Glatman} 43. f8=Q Rh2+ 44. Kd3 Rxa2 45. Qe8+ Kc5 46. Qe5+ Kc6 47. Kxd4
$18) 43. Kd3 Kd7 (43... a4 {Glatman} 44. Rxa4 Kd7 45. Rxb4 Ke7 46. Rxd4 Rxh7
47. Rf4 Kf8 48. Kxc3 $18) 44. Re2 a4 45. Re8 axb3 (45... Rxh7 46. f8=Q $18) 46.
Rxh8 b2 47. Rd8+ $1 (47. Rd8+ Ke6 (47... Kc7 {Glatman} 48. Kc2 b3+ 49. Kb1 $18)
48. Kc2 b3+ 49. Kb1 $18) (47. Kc2 d3+ 48. Kb1 d2 49. Rd8+ $18) 1-0

[Event "URS-sf"]
[Site "Daugavpils"]
[Date "1989.??.??"]
[Round "?"]
[White "Ubilava, Elizbar"]
[Black "Shirov, Alexei"]
[Result "0-1"]
[WhiteElo "2525"]
[BlackElo "2495"]
[Annotator "Ftacnik,L"]
[PlyCount "54"]
[EventDate "1989.11.??"]
[EventType "tourn"]
[EventRounds "15"]
[EventCountry "URS"]
[EventCategory "9"]
[SourceTitle "CBM 016"]
[Source "ChessBase"]
[SourceDate "1990.06.01"]
[SourceVersion "1"]
[SourceVersionDate "1990.06.01"]
[SourceQuality "1"]

1. c4 c6 2. d4 d5 3. Nf3 Nf6 4. Nc3 e6 5. Bg5 dxc4 6. e4 b5 7. a4 Bb4 8. e5 h6
9. Bh4 g5 10. exf6 gxh4 11. Ne5 c5 $5 12. Qh5 (12. Qf3 cxd4 13. O-O-O Qc7 $13)
12... Qxf6 13. O-O-O a6 14. Be2 Nd7 15. Bf3 cxd4 $1 16. Nxd7 Bxd7 17. Bxa8 Bxc3
(17... dxc3 $5 18. Be4) 18. bxc3 d3 $1 19. Rxd3 (19. Kb2 b4 20. Rc1 Qxf2+ 21.
Ka1 b3 $19) 19... cxd3 20. Qc5 Qf4+ 21. Kb2 Qxa4 22. Bf3 Qc2+ 23. Ka1 d2 24.
Rb1 Rg8 25. Qd4 Rg5 26. Rb2 Qc1+ 27. Ka2 Rd5 {Ftacnik} 0-1

[Event "WchT 3rd"]
[Site "Luzern"]
[Date "1993.??.??"]
[Round "5.3"]
[White "Lputian, Smbat G"]
[Black "Kaidanov, Gregory S"]
[Result "1-0"]
[WhiteElo "2565"]
[BlackElo "2640"]
[Annotator "Ftacnik,L"]
[PlyCount "63"]
[EventDate "1993.10.24"]
[EventType "team-tourn"]
[EventRounds "9"]
[EventCountry "SUI"]
[SourceTitle "CBM 038"]
[Source "ChessBase"]
[SourceDate "1994.02.01"]
[SourceVersion "1"]
[SourceVersionDate "1994.02.01"]
[SourceQuality "1"]
[WhiteTeam "Armenia"]
[BlackTeam "US of America"]
[WhiteTeamCountry "ARM"]
[BlackTeamCountry "USA"]

1. d4 d5 2. c4 e6 3. Nc3 c6 4. Nf3 Nf6 5. Bg5 dxc4 6. a4 Bb4 7. e4 Bxc3+ 8.
bxc3 Qa5 9. e5 Ne4 10. Bd2 c5 11. Bxc4 cxd4 12. cxd4 Nxd2 13. Nxd2 Nc6 14. Bb5
O-O 15. Bxc6 bxc6 16. O-O Qd5 17. Qc2 Ba6 18. Rfd1 Be2 $2 (18... Qxd4 19. Nf3 (
19. Qxc6 Be2 20. Nf3 Bxf3 21. Qxf3 Qxe5 $15) 19... Qc4 20. Qd2 $15) 19. Re1 Bh5
(19... Qxd4 $2 20. Nb3 $18) 20. Qc3 Rfd8 21. Nb3 Rab8 22. Na5 $1 Rb6 23. Rec1
Qxd4 24. Qxd4 Rxd4 25. Nxc6 Rd2 (25... Rd7 26. Nxa7 h6 27. Nb5 $16) 26. Nxa7 g5
(26... h6 27. Nb5 Rd5 28. Nd6 Rxe5 $140 29. Nc4 $16) 27. Nb5 Rd5 28. Nd6 Be2 (
28... Ra6 $2 29. Ne8 $18) 29. Rc7 Kg7 30. Rxf7+ Kg6 31. Rf6+ Kg7 32. Nf5+ $1 (
32. Nf5+ Kg8 33. Ne7+ $18) 1-0

[Event "RUS-ch"]
[Site "Elista"]
[Date "1995.??.??"]
[Round "2"]
[White "Razuvaev, Yuri S"]
[Black "Filippov, Valerij"]
[Result "1/2-1/2"]
[WhiteElo "2585"]
[BlackElo "2510"]
[Annotator "Ftacnik,L"]
[PlyCount "52"]
[EventDate "1995.10.??"]
[EventType "swiss"]
[EventRounds "11"]
[EventCountry "RUS"]
[SourceTitle "CBM 050"]
[Source "ChessBase"]
[SourceDate "1996.02.01"]
[SourceVersion "1"]
[SourceVersionDate "1996.02.01"]
[SourceQuality "1"]

1. d4 d5 2. c4 c6 3. Nf3 Nf6 4. Nc3 e6 5. Bg5 dxc4 6. e4 b5 7. e5 h6 8. Bh4 g5
9. Nxg5 hxg5 10. Bxg5 Nbd7 11. exf6 Bb7 12. g3 c5 13. d5 Bh6 14. Bxh6 Rxh6 15.
Qd2 Qxf6 16. O-O-O (16. Ne4 Qf3 (16... Qe5 17. Bg2 exd5 18. Qxh6 dxe4 19. O-O-O
$13) 17. Nd6+ Ke7 18. Nxb7 (18. Qxh6 Bxd5 19. Rg1 Ne5 20. Be2 Nd3+ 21. Kd2 Qxf2
22. Nxb5 Ne5 23. Qg5+ f6 24. Qg7+ Kd8 25. Qf8+ Kd7 26. Qd6+ Ke8 27. Nc7+ Kf7
28. Qxe5 fxe5 29. Raf1 Qxf1 30. Rxf1+ Ke7 31. Nxa8 {1-0 Krizsany,L-Reiter,Ma/
Budapest FS03 IM-A (11)/1994}) (18. Rg1 Qxd5 19. Qxh6 Qxd6 $44) 18... Qxh1 (
18... Rh5 19. d6+ Ke8 20. Rg1 c3 21. bxc3 Re5+ 22. Be2 Rxe2+ 23. Qxe2 Qxc3+ 24.
Kf1 Qxa1+ 25. Kg2 Qd4 {Ionov,S-Popov,Val/St.Petersburg Chigorin (04)/1995/1/
2-1/2 (52)}) 19. d6+ Ke8 20. Qxh6 Qxb7 21. Qh4 Nf8 22. Bg2 $18) (16. Bg2 Ne5
17. O-O O-O-O 18. Qe3 (18. f4 Nd3 19. dxe6 Qd4+ 20. Kh1 Rxh2+ $1 21. Kxh2 Qh8+
$1 (21... Rh8+ 22. Bh3 f5 23. Ne4 $1 Bxe4 24. Qc3) 22. Bh3 f5 $1 23. Nd5 Bxd5
24. Qc3 Qh6 25. e7 Rh8 26. e8=Q+ Rxe8 $19) 18... Rxh2 19. f4 (19. Qxc5+ Kb8 20.
Kxh2 $2 (20. Nxb5 Rxg2+ 21. Kxg2 Bxd5+ 22. f3 Bxf3+ 23. Kg1 Rd7 $1 24. Nd6 Qh8)
20... Rh8+ 21. Kg1 Nf3+ 22. Bxf3 Qxf3 $19) (19. Rfe1 Rxg2+ 20. Kxg2 Nd3 21. Ne4
Qd4 22. Re2 Bxd5 23. f3 Qxe3 24. Rxe3 $15 {Uhlmann,W-Enders,P/DDR/1985/0-1 (41)
}) 19... Rxg2+ 20. Kxg2 Nd3 {und 21. ... b4} 21. Kg1 exd5 22. Nxb5 d4 23. Qe2
Rh8 {0-1/Lukey,S-Samer,M/Moscow olm (07)/1994}) 16... Kf8 {Anybody playing
Botvinnik attack with white must be agonizing about this line, since the
results are so clearly favouring black.} (16... Bxd5 17. Nxd5 exd5 18. Bg2 (18.
Qxd5 Rd8 19. f4 Nb6 20. Re1+ Kf8 21. Qxc5+ Qd6 22. Qxd6+ Rhxd6 23. Be2 c3 24.
Rd1 cxb2+ 25. Kc2 a6 26. Kxb2 Na4+ 27. Kb3 Rd2 28. Rxd2 Rxd2 {Gofshtein,
L-Kacheishvili,G/Groningen op (10)/1993/1/2-1/2 (40)}) 18... Nb6 19. Qe3+ (19.
Bxd5 $1 O-O-O (19... Rc8 20. Bb7 Rc7 21. Ba6 $16) 20. Bb7+ Kc7 21. Qxd8+ Qxd8
22. Rxd8 Kxd8 23. Ba6 $14) 19... Kf8 20. Qxc5+ Kg8 21. Qd4 Re8 $13 {Yusupov,
A-Shirov,A/Linares/1993/0.5 (42)}) (16... O-O-O 17. Ne4 Qe5 18. Qxh6 Qxe4 19.
dxe6 Qxh1 20. Bh3 Qxd1+ 21. Kxd1 Ne5+ {Quist,J-Thesing,M/Dieren op (1)/1988/
1-0 (22)}) 17. h4 (17. Be2 $5 Nb6 18. Qe3 exd5 (18... Nxd5 19. Qxc5+ Kg8 20.
Ne4 $36) 19. Qxc5+ Kg8 20. Rd4 Rc8 21. Rg4+ Rg6 22. Qd4 Qxd4 23. Rxd4 b4 24.
Nd1 Rc5 25. Ne3 Rf6 26. Rf1 {Kharitonov,A-Yagupov,I/RUS Army-ch/1995/1-0 (76)})
(17. Rg1 Ne5 (17... Rxh2 $5 18. dxe6 Ne5 19. Qd6+ Kg7 20. f4 $13) 18. Qe3 (18.
dxe6 Nf3 19. Qd6+ Kg7 20. Rg2 Qg5+ 21. Qf4 Rxe6 $13) 18... Rxh2 (18... Nf3 $5)
19. Qxc5+ Kg8 $6 (19... Kg7 $1 20. dxe6 Rxf2 21. exf7 Qg5+ 22. Kb1 Rxb2+) 20.
f4 (20. dxe6 fxe6 $5 21. Be2 $1 Rxf2 22. Rgf1 Rxf1 23. Rxf1 Qg5+ 24. Kb1 a6
$132 {עg8}) 20... Qf5 {Vujatovic,R-Zontakh,A/Kiev/1994/} 21. Be2 $8 Rxe2 22.
Nxe2 Nd3+ 23. Rxd3 cxd3 24. Nc3 Rc8 25. Qxb5 Bxd5 $15) (17. Qe3 $5 exd5 18.
Nxd5 Qe6 19. Bg2 $13 (19. Bg2 Qxe3+ 20. Nxe3 Bxg2 21. Nxg2 Ne5 22. Nf4 Ng4 $15)
) (17. g4 $5 Rg6 $1 $8 (17... Rh4 18. Rg1 (18. dxe6 Bxh1 19. exd7 Rd8 20. Nxb5
Rxh2 $19) 18... exd5 19. Nxd5 Bxd5 20. Qxd5 Rd8 21. h3 Qxf2 22. Qd6+ Kg7 23.
Qe7 Nf6 (23... Rhh8 24. Rg2 Qf4+ 25. Kb1 Rhe8 26. Qh4 Nf6 $17) 24. Rxd8 Qxg1
25. Rd1 (25. Qe1 Rxh3 $19) 25... Qf2 26. Qxa7 Nxg4 $1 27. hxg4 Rh2 $19) (17...
Rh4 $5) 18. Rg1 (18. g5 $6 Qxg5 19. f4 Qh6 $1) (18. f4 $5 Rxg4 19. Bh3 Rxf4 20.
Rhf1 $36) (18. h3 b4 19. Ne4 c3 $1 20. bxc3 Qf3 21. dxe6 Bxe4 22. exd7 bxc3 23.
d8=Q+ Kg7 $3 24. Q2d4+ cxd4 25. Qxd4+ Rf6 $1 $17) 18... Ne5 (18... exd5 $5 19.
Nxd5 Bxd5 20. Qxd5 Nb6 (20... Rd8 21. g5 Qf4+ 22. Kb1 $14) 21. Qxc5+ Kg8 22.
Qd4 Qxd4 23. Rxd4 Re8 $44) 19. g5 Qf5 20. Qe3 exd5 21. Bh3 (21. Nxd5 Bxd5 22.
Qxc5+ Kg8 23. Rxd5 Rc8 $1 24. Qd4 Re6) (21. Qxc5+ Kg7 22. Qd4 Kg8 $13) 21...
Qf3 22. Qxc5+ (22. Qxe5 $5 Qxh3 23. Nxd5) 22... Kg8 23. Nxd5 Bxd5 24. Qxd5 Qxd5
25. Rxd5 $14 {Piket,J-Kaidanov,G/Tilburg (03)/1993/0.5 (37)}) (17. f3 exd5 18.
Nxd5 Qd6 (18... Bxd5 19. Qxd5 Nb6 20. Qxc5+ Kg8 21. Qe3 Na4 22. Rd4 Nxb2 23.
Rf4 Qg7 {0.5/Bagaturov,G-Jaracz,P/Pardubice op (7)/1994/}) 19. Nc7 Qxd2+ 20.
Rxd2 Rc8 21. Nxb5 Ne5 (21... Bxf3 22. Bg2 Bxg2 23. Rxg2 Ne5 {0.5/Salov,
V-Bareev,E/Madrid/1994/}) 22. Be2 Bxf3 23. Bxf3 Nxf3 24. Rd5 Re6 25. Rf1 {
Kohlweyer,B-Hector,J/Geneve op-A (8)/1994/0-1 (58)}) (17. f4 Nb6 18. g4 (18.
Bg2 $6 exd5 19. Qf2 (19. Nxb5 Bc6 20. Nc7 Rd8 21. f5 $5 (21. Qa5 Na4 22. Rd2 c3
23. bxc3 Qxc3+ 24. Qxc3 Nxc3 25. Na6 Na4 26. h4 d4 27. Nc7 Bxg2 28. Rxg2 c4 29.
Re1 d3 30. Re4 c3 31. Rg1 Nb2 $19) 21... Na4 $5 (21... c3 $5 22. Qxc3 d4 23.
Qc2 Bxg2 24. Qxg2 Qc6 $17 {/\} 25. Ne6+ $2 Rxe6 $19) 22. g4 c3 23. bxc3 $8
Qxc3+ 24. Qxc3 Nxc3 $17 {Alterman,B-Kamsky,G/Tilburg/1993/0-1 (40)}) 19... Rc8
$1 20. Nxb5 (20. Bxd5 Nxd5 21. Nxd5 Qa6 22. Qe3 Bxd5 23. Rxd5 Qxa2 $17) 20...
Na4 $1 21. Qc2 Qa6 22. Na3 (22. Nc3 Nxc3 23. Qxc3 Qxa2 24. Qa3 (24. Bxd5 $2
Bxd5 25. Rxd5 Qa1+ 26. Kc2 Qxh1) 24... Qxa3 25. bxa3 Rd8) 22... c3 $3 {Kamsky,
G-Shirov,A/Luzern/1993/0-1 (31)}) (18. Ne4 $2 Qg7 $1 (18... Qf5 $15) 19. Bg2
Bxd5 20. Nc3 b4 $1 21. Nxd5 exd5 22. Qf2 Rc8 $1 23. Bxd5 c3 24. b3 c4 25. Bxc4
$19 {Vladimirov,E-Bareev,E/Tilburg (02)/1993/0-1 (28)}) 18... Rh4 19. Ne4 Qg6
20. Nxc5 Bxd5 21. Rg1 Rxg4 $17) (17. Bg2 Ne5 (17... Ne5 18. Ne4 Nd3+ 19. Qxd3
cxd3 20. Nxf6 Rxf6 21. Rxd3 Rxf2)) (17. Ne4 Qg6) 17... Nb6 18. g4 (18. Qe3 Nxd5
19. Qxc5+ Kg7 $13) 18... Nxd5 $5 {It is quite characteristic, that black can
even afford to ignore the threat g4-g5 due to play along a8-h1 diagonal.} 19.
g5 Qg6 (19... Qf4 20. Qxf4 Nxf4 21. gxh6 Bxh1 22. Nxb5 $16) 20. Nxb5 (20. gxh6
Nxc3 21. bxc3 Bxh1 $10) 20... Nb4 21. Nc3 (21. Bxc4 Bxh1 22. gxh6 Bd5 $13)
21... Bxh1 22. gxh6 Bf3 23. Re1 (23. Qd6+ $5 Kg8 24. Rd2 Qg1 (24... Kh7 25.
Qxc5 Nd5 $14) (24... Nd5 25. Bxc4 Nxc3 26. bxc3 $16) 25. Qg3+ Qxg3 26. fxg3 Kh7
$13) 23... Bd5 24. a3 a5 $1 25. Re5 (25. axb4 axb4 26. Nb1 Ra1 27. Qc2 Qxh6+
28. Re3 b3 29. Qc3 Be4 $19) 25... Qg1 26. Re1 Qg6 (26... Qg6 27. h5 $5 Qh7 (
27... Nd3+ 28. Bxd3 Qxd3 29. Qg5 $18) 28. Re3 $14) 1/2-1/2

[Event "Groningen"]
[Site "Groningen"]
[Date "1994.??.??"]
[Round "2"]
[White "Jussupow, Artur"]
[Black "Van Wely, Loek"]
[Result "1-0"]
[WhiteElo "2655"]
[BlackElo "2560"]
[Annotator "Ftacnik,L"]
[PlyCount "77"]
[EventDate "1994.12.??"]
[EventType "tourn"]
[EventRounds "11"]
[EventCountry "NED"]
[EventCategory "15"]
[SourceTitle "CBM 045"]
[Source "ChessBase"]
[SourceDate "1995.04.01"]
[SourceVersion "1"]
[SourceVersionDate "1995.04.01"]
[SourceQuality "1"]

1. d4 {Kortschnoj} d5 2. c4 c6 3. Nc3 Nf6 4. Nf3 e6 5. Bg5 dxc4 6. a4 Bb4 7. e4
b5 (7... c5 $5 {Kortschnoj}) 8. e5 h6 9. exf6 hxg5 10. fxg7 Rg8 11. g3 Bb7 12.
Bg2 c5 (12... Nd7 13. O-O (13. h4)) 13. O-O $146 (13. dxc5 Qxd1+ 14. Kxd1 g4
15. Ne1 Bxg2 16. Nxg2 bxa4 17. Rxa4 Nc6 18. Ne3 Rxg7 19. Nxc4 Bxc5 20. Ne4 Bd4
21. Ra6 Nb4 $10 {Kantsler,B-Oll,L/USSR/1987/}) 13... g4 (13... Rxg7 14. dxc5
$36) 14. Nh4 (14. Ne5 $2 Bxg2 15. Kxg2 cxd4) 14... Bxg2 15. Nxg2 cxd4 (15...
Rxg7 16. dxc5 $14) 16. Nxb5 Nc6 (16... Rxg7 17. Nxd4 $36) 17. Qxg4 a6 18. Qe4
Rc8 $8 (18... Qd7 19. Nxd4) (18... Ne7 19. Qxa8 Qxa8 20. Nc7+ $16) 19. Rfd1 $5
Bc5 (19... axb5 20. axb5 Ne7 (20... Na5 21. Rxd4 Qf6 22. Nf4 Bc5 23. Rd2 $40)
21. Rxd4 Qb6 22. Ne3 (22. Ra8 Bc5 23. Rxc4 Bxf2+ 24. Kf1 $13) (22. Rxc4 Bc5 23.
Rc2 $36) 22... Rxg7 (22... Bc5 {Kortschnoj} 23. Nxc4 Qxb5 24. Ra8 $146) 23.
Nxc4 Qxb5 24. Ra8 $13) 20. Qh7 Kd7 (20... Ne7 21. Na3 $36) 21. Na3 Bxa3 (21...
Qf6 22. Nxc4 Rxg7 23. Qe4 $40) 22. Rxa3 Qg5 23. Ne3 Rxg7 (23... Qxg7 24. Qxg7
Rxg7 25. Nxc4 $16) 24. Qe4 Rb8 25. Rc3 $5 (25. Nxc4 Qd5 $1 $14) 25... f5 (25...
Rxb2 26. Rxc4 Rb6 27. Rxc6 Rxc6 28. Qxd4+ $18) 26. Rxd4+ $1 Nxd4 (26... Kc7 27.
Qxe6 Nxd4 28. Nd5+ $18 (28. Qxc4+ $16 {Kortschnoj})) 27. Qxd4+ Ke8 (27... Kc6
28. Nxc4 $18) 28. Qd6 Rxb2 (28... Qd8 29. Qxe6+ Kf8 30. Qxf5+ Rf7 31. Qe5 $18)
29. Qxe6+ Re7 (29... Kf8 30. Nxf5 $18) 30. Qc8+ Kf7 31. Qxc4+ (31. Nxf5 $6 Re1+
32. Kg2 Rxf2+ $1 33. Kxf2 Qd2+) 31... Kg7 (31... Re6 32. Qd5 $18) 32. Qd4+ Kh7
33. Rc8 {+- Kortschnoj} Rb1+ 34. Kg2 Rg7 35. Rf8 $1 Qe7 (35... f4 36. Rxf4 $18)
36. Rxf5 Qb7+ 37. Nd5 $1 Kg8 (37... Rb2 38. Qh4+ Kg8 39. Qd8+ Kh7 40. Rh5+ Kg6
41. Qg5+ Kf7 42. Qf6+ $18) 38. Qe4 Rd1 39. Qe8+ (39. Qe8+ Kh7 40. Rh5#) 1-0